000 00760namaa22002171 4500
001 174086
003 ES-MaACL
005 20250829120104.0
008 100215s1941 cu |||| | spa d
080 _a39(729.1)"18"
100 1 _aBetancourt, José Victoriano.
_9142160
245 1 0 _aArtículos de costumbres /
_cJosé Victoriano Betancourt.
260 _aLa Habana :
_bMinisterio de Educación, Dirección de Cultura,
_c1941.
300 _a227 p., 2 h. ;
_c19 cm.
490 1 _aCuadernos de cultura. Quinta serie ;
_v2
651 4 _aCuba-
_xUsos y costumbres.
_9142161
710 1 _aCuba.
_bDirección General de Cultura.
_9146958
830 1 _aCuadernos de cultura
_v2
_9181245
852 _aES-MaACL
_jC-57150
999 _c174086
_d174086